| 000 | 00466nam a2200145Ia 4500 | ||
|---|---|---|---|
| 008 | 220214s9999 xx 000 0 und d | ||
| 022 | _a0018-8441 | ||
| 245 | 0 | _aIASLIC BULLETIN | |
| 260 |
_bIndian Association of Special Libraries and Information Centre, Calcutta _aIndia |
||
| 310 | _aQ | ||
| 500 | _aEnding Volume & Year: 45, 2000 | ||
| 500 | _aMissing Volume: 16;18-19;22;36(3);37(1);41(4);42(2);43(2) | ||
| 500 | _aStarting Volume & Year: 8, 1963 | ||
| 942 | _cBJ | ||
| 999 |
_c2598 _d2598 |
||